000 00573nam a22002057a 4500
999 _c8390
_d8390
003 GBCCL
005 20241126110649.0
008 210202b ||||| |||| 00| 0 eng d
020 _a9781596363281
020 _a1596363282
040 _cgbc
082 _a270
_bJON
100 _aJones, Timothy P
_914681
245 _aChristian history made easy
260 _aPeabody :
_bRose Publishing,
_c2017.
300 _a224p. :
_billustrations (colour), maps (colour) ;
_c23 cm
440 _aRose bible basics
_914682
650 _aChurch history.
_9117
942 _2ddc
_cBK
_06